[Event "Online Olym Div2 E"]
[Site "Chess.com INT"]
[Date "2020.08.15"]
[Round "5.4"]
[White "Castillo Morales, Thais"]
[Black "Encina, Guadalupe"]
[Result "1-0"]
[WhiteElo "1846"]
[BlackElo "1892"]
[PlyCount "143"]
[EventDate "2020.08.14"]
[EventType "team-tourn (rapid)"]
[EventRounds "9"]
[EventCountry "USA"]
[SourceTitle "CBM 198"]
[Source "ChessBase"]
[SourceDate "2020.10.31"]
[SourceVersion "1"]
[SourceVersionDate "2020.10.31"]
[SourceQuality "1"]
[WhiteTeam "Costa Rica"]
[BlackTeam "Argentina"]
[WhiteTeamCountry "CRI"]
[BlackTeamCountry "ARG"]

1. c4 c5 2. Nf3 Nc6 3. d4 cxd4 4. Nxd4 g6 5. e4 Bg7 6. Be3 Nf6 7. Nc3 0-0 8. Be2 d6 9. 0-0 Bd7 10. f3 Nxd4 11. Bxd4 Bc6 12. Qd2 a5 13. b3 Nd7 14. Be3 Nc5 15. Rab1 e6 16. Rfd1 Be5 17. Qc2 Qh4 18. h3 Qg3 19. Bd3 f5 20. Bxc5 dxc5 21. Ne2 Qh2+ 22. Kf2 Bd4+ 23. Nxd4 cxd4 24. exf5 Qf4 25. Qd2 Qxd2+ 26. Rxd2 gxf5 27. Re1 Rae8 28. a3 e5 29. Kg1 e4 30. fxe4 fxe4 31. Bb1 d3 32. b4 axb4 33. axb4 b6 34. Re3 Kg7 35. Rd1 Rg8 36. Rg3+ Kh6 37. Rxg8 Rxg8 38. Kf2 Re8 39. Ke3 Kg5 40. Re1 Ra8 41. Kd4 Rd8+ 42. Ke3 Ra8 43. Kd4 Rd8+ 44. Ke3 Ba4 45. Kd2 Rf8 46. Rxe4 Rf2+ 47. Kxd3 Rxg2 48. Kd4 Rd2+ 49. Ke5 Rb2 50. Bd3 Rxb4 51. Rg4+ Kh6 52. Kd4 b5 53. Kc5 Rb2 54. cxb5 Rd2 55. Bc4 Bd1 56. Rd4 Rxd4 57. Kxd4 Bf3 58. Bd5 Be2 59. b6 Ba6 60. Bc4 Bb7 61. Kc5 Kg5 62. Kd6 h5 63. Kc7 Bg2 64. Be6 h4 65. Bd7 Kf4 66. Bc6 Kg3 67. b7 Bxc6 68. Kxc6 Kxh3 69. b8Q Kg2 70. Qb2+ Kh3 71. Kd5 Kg3 72. Ke4 1-0

[Event "CRI-ch"]
[Site "San Jose"]
[Date "2020.01.15"]
[Round "6"]
[White "Castillo Morales, Thais"]
[Black "Hernandez Alvarez, Tania Regla"]
[Result "0-1"]
[WhiteElo "1823"]
[BlackElo "2071"]
[PlyCount "58"]
[EventDate "2020.01.10"]
[EventType "swiss"]
[EventRounds "11"]
[EventCountry "CRI"]
[SourceTitle "CBM 194 Extra"]
[Source "ChessBase"]
[SourceDate "2020.03.31"]
[SourceVersion "1"]
[SourceVersionDate "2020.03.31"]
[SourceQuality "1"]

1. c4 e6 2. Nc3 d5 3. e3 Nf6 4. Nf3 Be7 5. b3 0-0 6. Bb2 c5 7. d3 Nc6 8. g3 d4 9. Nb1 dxe3 10. fxe3 Ng4 11. Qd2 Bf6 12. Nc3 Qa5 13. Rc1 Rd8 14. Be2 a6 15. 0-0 b5 16. Ne4 Bxb2 17. Qxb2 Nxe3 18. Nfg5 Nxf1 19. Nf6+ gxf6 20. Qxf6 Ra7 21. Bh5 Rf8 22. Rxf1 Qd8 23. Ne4 Qxf6 24. Nxf6+ Kg7 25. g4 h6 26. h4 Nd4 27. g5 Nf5 28. Bf3 hxg5 29. hxg5 Rh8 0-1

[Event "CRI-ch (Women)"]
[Site "San Jose"]
[Date "2019.01.16"]
[Round "6"]
[White "Marin Leon, Valeria"]
[Black "Castillo Morales, Thais"]
[Result "0-1"]
[WhiteElo "1682"]
[BlackElo "1926"]
[PlyCount "108"]
[EventDate "2019.01.10"]
[EventType "tourn"]
[EventRounds "9"]
[EventCountry "CRI"]
[SourceTitle "CBM 189 Extra"]
[Source "ChessBase"]
[SourceDate "2019.06.03"]
[SourceVersion "1"]
[SourceVersionDate "2019.06.03"]
[SourceQuality "1"]

1. e4 e6 2. d4 d5 3. exd5 exd5 4. Bd3 Bd6 5. Nf3 Nc6 6. c3 Nge7 7. 0-0 Bg4 8. Be3 Qd7 9. Nbd2 0-0-0 10. b4 Rdg8 11. Qa4 Kb8 12. b5 Nd8 13. Ne5 Bxe5 14. dxe5 b6 15. Bg5 Re8 16. Nb3 Nb7 17. Bxe7 Rxe7 18. Nd4 Nd8 19. Nc6+ Nxc6 20. bxc6 Qe6 21. f3 Bf5 22. Bxf5 Qxf5 23. Qa6 Qc8 24. Qxc8+ Kxc8 25. f4 Re6 26. Rfd1 Rd8 27. Rd3 Rxc6 28. Re1 g6 29. Kf2 Rc4 30. Kf3 c6 31. Kg4 Kd7 32. Kg5 Ke6 33. Rh3 h5 34. Rd3 c5 35. h3 d4 36. cxd4 Rdxd4 37. Rxd4 Rxd4 38. g4 hxg4 39. hxg4 c4 40. f5+ gxf5 41. gxf5+ Ke7 42. e6 f6+ 43. Kg6 Rg4+ 44. Kh6 Rg5 45. Rc1 b5 46. a4 a6 47. axb5 axb5 48. Rf1 c3 49. Rf3 b4 50. Rf4 c2 51. Rc4 b3 52. Rc7+ Kd6 53. e7 Rg8 54. Kh7 Re8 0-1

[Event "CRI-ch (Women)"]
[Site "San Jose"]
[Date "2019.01.10"]
[Round "1"]
[White "Diaz Charpentier, Kristel Melissa"]
[Black "Castillo Morales, Thais"]
[Result "0-1"]
[WhiteElo "1591"]
[BlackElo "1926"]
[PlyCount "110"]
[EventDate "2019.01.10"]
[EventType "tourn"]
[EventRounds "9"]
[EventCountry "CRI"]
[SourceTitle "CBM 189 Extra"]
[Source "ChessBase"]
[SourceDate "2019.06.03"]
[SourceVersion "1"]
[SourceVersionDate "2019.06.03"]
[SourceQuality "1"]

1. e4 e6 2. d4 d5 3. Bd3 dxe4 4. Bxe4 Nf6 5. Bf3 c5 6. Ne2 Nc6 7. Be3 e5 8. Bxc6+ bxc6 9. dxe5 Qxd1+ 10. Kxd1 Ng4 11. Nd2 Nxe3+ 12. fxe3 g6 13. Ne4 Be6 14. Nf6+ Ke7 15. Nf4 Rd8+ 16. Ke1 Bc8 17. Ne4 c4 18. Nd6 Ba6 19. Ne2 Bg7 20. Nd4 Bxe5 21. Nxc6+ Kxd6 22. Nxd8 Rxd8 23. Rd1+ Ke7 24. Rxd8 Kxd8 25. c3 Bb7 26. Kf2 h5 27. h4 Ke7 28. Rg1 f5 29. g3 Be4 30. Rd1 a5 31. a3 Bf6 32. Rd2 Ke6 33. Rd1 Bd3 34. Kf3 Ke5 35. Rd2 Kd5 36. a4 Kc5 37. Kf4 Be7 38. Kf3 Be4+ 39. Kf2 Bc6 40. Rd1 Bxa4 41. Ra1 Kb5 42. Kf3 Bc2 43. Rc1 Bd3 44. Rd1 Ka4 45. Ra1+ Kb3 46. Rxa5 Kxb2 47. Ra6 Kxc3 48. Rxg6 Kd2 49. Re6 Bxh4 50. gxh4 c3 51. Kf4 c2 52. Rc6 c1Q 53. Rxc1 Kxc1 54. Kg5 Kd2 55. Kxh5 Kxe3 0-1

[Event "Olympiad Women-43"]
[Site "Batumi"]
[Date "2018.09.26"]
[Round "3.29"]
[White "Castillo Morales, Thais"]
[Black "De Seroux, Camille"]
[Result "0-1"]
[WhiteElo "1925"]
[BlackElo "2175"]
[PlyCount "84"]
[EventDate "2018.09.24"]
[EventType "team-swiss"]
[EventRounds "11"]
[EventCountry "GEO"]
[SourceTitle "EXT 2020"]
[Source "ChessBase"]
[SourceDate "2019.10.17"]
[SourceVersion "1"]
[SourceVersionDate "2019.10.17"]
[SourceQuality "1"]
[WhiteTeam "Costa Rica (W)"]
[BlackTeam "Switzerland (W)"]
[WhiteTeamCountry "CRI"]
[BlackTeamCountry "SUI"]

1. c4 e5 2. g3 h5 3. h4 Nc6 4. Nc3 Nf6 5. Nf3 Bc5 6. Bg2 d6 7. d3 Ng4 8. 0-0 Bf5 9. a3 a5 10. e3 0-0 11. d4 exd4 12. exd4 Ba7 13. b3 Re8 14. Bb2 Qd7 15. Nd5 Be4 16. Nf4 Qf5 17. Qd2 Ne7 18. Ng5 Bxg2 19. Kxg2 Ng6 20. Nd5 Qd7 21. f3 c6 22. Rae1 cxd5 23. fxg4 Qxg4 24. Kh2 f6 25. Nh3 dxc4 26. bxc4 Ne7 27. Rf4 Qg6 28. Qf2 Nc6 29. c5 dxc5 30. dxc5 Rxe1 31. Qxe1 Bxc5 32. Rc4 Re8 33. Qd1 Qf5 34. Nf4 Ba7 35. Qb3 Kh7 36. Bc3 Ne5 37. Rc7 Ng4+ 38. Kh1 Qe4+ 39. Ng2 Nf2+ 40. Kh2 Ng4+ 41. Kh1 Qf5 42. Nf4 Re2 0-1

[Event "Pan American-ch U18 Girls"]
[Site "San Jose"]
[Date "2017.07.03"]
[Round "5"]
[White "Castillo Morales, Thais"]
[Black "Miller, Rachel"]
[Result "1-0"]
[WhiteElo "1810"]
[BlackElo "1857"]
[PlyCount "89"]
[EventDate "2017.07.01"]
[EventType "swiss"]
[EventRounds "9"]
[EventCountry "CRI"]
[SourceTitle "EXT 2022"]
[Source "ChessBase"]
[SourceDate "2021.10.06"]
[SourceVersion "1"]
[SourceVersionDate "2021.10.06"]
[SourceQuality "1"]

1. c4 c5 2. Nf3 Nf6 3. d4 cxd4 4. Nxd4 b6 5. Nc3 Bb7 6. Qd3 d6 7. e4 Nbd7 8. f3 e6 9. Be3 Be7 10. Be2 a6 11. 0-0 Qc7 12. b3 Rc8 13. Rac1 Qb8 14. Rfd1 0-0 15. Bf1 Bd8 16. Qe2 Bc7 17. h3 Rfe8 18. Qf2 Kh8 19. Nde2 Rg8 20. g3 Rge8 21. Bg2 Qa8 22. g4 h6 23. h4 Ng8 24. Ng3 Ne7 25. f4 Nf6 26. Qe2 d5 27. cxd5 exd5 28. e5 Ne4 29. Ncxe4 dxe4 30. Rc2 Nd5 31. Bxe4 Nxe3 32. Qxe3 Bxe4 33. Qxe4 Qxe4 34. Nxe4 f6 35. Rdc1 fxe5 36. f5 Red8 37. Rxc7 Rxc7 38. Rxc7 Rd4 39. Rc4 Rd1+ 40. Kf2 Ra1 41. Rc8+ Kh7 42. g5 Rxa2+ 43. Ke3 hxg5 44. Nxg5+ Kh6 45. Rh8# 1-0

[Event "Pan American-ch U18 Girls"]
[Site "San Jose"]
[Date "2017.07.02"]
[Round "3"]
[White "Castillo Morales, Thais"]
[Black "Guillen Cristobal, Sandra Nayeli"]
[Result "1-0"]
[WhiteElo "1810"]
[BlackElo "1597"]
[PlyCount "49"]
[EventDate "2017.07.01"]
[EventType "swiss"]
[EventRounds "9"]
[EventCountry "CRI"]
[SourceTitle "EXT 2022"]
[Source "ChessBase"]
[SourceDate "2021.10.06"]
[SourceVersion "1"]
[SourceVersionDate "2021.10.06"]
[SourceQuality "1"]

1. c4 c5 2. Nf3 Nc6 3. d4 cxd4 4. Nxd4 Nf6 5. Nc3 e5 6. Ndb5 a6 7. Nd6+ Bxd6 8. Qxd6 Qe7 9. Qd1 h6 10. e4 0-0 11. Be2 d6 12. Be3 Be6 13. 0-0 Rac8 14. Rc1 Na5 15. b3 Nc6 16. f3 Nb8 17. Qd2 Ne8 18. Rfd1 f5 19. exf5 Bxf5 20. Nd5 Qf7 21. Bd3 Be6 22. Bg6 Qd7 23. Nb6 Qe7 24. Nxc8 Bxc8 25. c5 1-0

[Event "American Continental 13th"]
[Site "Medellin"]
[Date "2017.06.11"]
[Round "3"]
[White "Castillo Morales, Thais"]
[Black "Quishpe Vaca, Andres"]
[Result "0-1"]
[WhiteElo "1870"]
[BlackElo "1929"]
[PlyCount "90"]
[EventDate "2017.06.10"]
[EventType "swiss"]
[EventRounds "11"]
[EventCountry "COL"]
[SourceTitle "CBM 178 Extra"]
[Source "ChessBase"]
[SourceDate "2017.06.22"]
[SourceVersion "1"]
[SourceVersionDate "2017.06.22"]
[SourceQuality "1"]

1. c4 f5 2. g3 Nf6 3. Bg2 g6 4. Nc3 Bg7 5. e4 fxe4 6. Nxe4 0-0 7. Ne2 e5 8. 0-0 Nc6 9. d4 Nxe4 10. Bxe4 Nxd4 11. Nxd4 exd4 12. Bf4 d6 13. Qd2 c6 14. Rad1 Be6 15. Bd3 Qd7 16. b3 Rf7 17. f3 Raf8 18. Be2 c5 19. b4 b6 20. Rb1 Rxf4 21. gxf4 Bh6 22. Kh1 Bxf4 23. Qc2 Be3 24. Rb3 Bh3 25. Rd1 Qe7 26. Bf1 Bd7 27. Rb2 Rxf3 28. Bg2 Rf2 29. Bd5+ Kg7 30. Qxf2 Bxf2 31. Rxf2 Bf5 32. Rfd2 Be4+ 33. Bxe4 Qxe4+ 34. Kg1 Qe3+ 35. Kf1 Qc3 36. bxc5 Qxc4+ 37. Kf2 dxc5 38. Re1 d3 39. Red1 Qd4+ 40. Kf3 c4 41. a4 a6 42. h3 b5 43. axb5 axb5 44. Rb1 c3 45. Ra2 Qd5+ 0-1

[Event "CRC-ch qual (Women)"]
[Site "San Jose"]
[Date "2016.03.19"]
[Round "5.3"]
[White "Castillo Morales, Thais"]
[Black "Bogantes Robleto, Karina"]
[Result "1-0"]
[WhiteElo "1778"]
[BlackElo "1604"]
[PlyCount "61"]
[EventDate "2016.03.05"]
[EventType "swiss"]
[EventRounds "7"]
[EventCountry "CRI"]
[SourceTitle "EXT 2024"]
[Source "ChessBase"]
[SourceDate "2023.10.10"]
[SourceVersion "1"]
[SourceVersionDate "2023.10.10"]
[SourceQuality "1"]

1. c4 c6 2. Nf3 d5 3. b3 Nf6 4. Bb2 Bf5 5. g3 e6 6. Bg2 Be7 7. 0-0 0-0 8. d3 Nbd7 9. Nbd2 h6 10. Ne1 Qb6 11. e3 Rfd8 12. Qe2 a5 13. Rb1 Qa6 14. h3 a4 15. e4 dxe4 16. dxe4 Bg6 17. f4 Bc5+ 18. Kh2 axb3 19. axb3 Qb6 20. Nd3 Bd4 21. b4 Bxb2 22. Rxb2 Qd4 23. Rc2 Ra3 24. Nc1 Re3 25. Qf2 Nxe4 26. Bxe4 Bxe4 27. Ndb3 Qb6 28. Rd2 Bg6 29. Rfd1 Bh5 30. g4 Bg6 31. c5 1-0

[Event "Pan American-ch U16 Girls"]
[Site "Cali"]
[Date "2015.07.02"]
[Round "7"]
[White "Castillo Morales, Thais"]
[Black "Bonvini, Adriana Tonhati"]
[Result "1-0"]
[WhiteElo "1614"]
[BlackElo "1537"]
[PlyCount "77"]
[EventDate "2015.06.28"]
[EventType "swiss"]
[EventRounds "9"]
[EventCountry "COL"]
[SourceTitle "EXT 2016"]
[Source "ChessBase"]
[SourceDate "2015.10.08"]
[SourceVersion "1"]
[SourceVersionDate "2015.10.08"]
[SourceQuality "1"]

1. c4 Nf6 2. Nc3 g6 3. g3 Bg7 4. Bg2 0-0 5. e4 e5 6. Nge2 d6 7. 0-0 Nc6 8. h3 Bd7 9. d3 Qc8 10. Kh2 Nh5 11. Nd5 f5 12. b4 Qd8 13. Rb1 Nd4 14. Nxd4 exd4 15. exf5 c6 16. fxg6 hxg6 17. Nf4 Nxf4 18. Bxf4 Bf5 19. Qd2 Qd7 20. b5 Kf7 21. bxc6 bxc6 22. Rb3 Rh8 23. Rfb1 Rac8 24. Qa5 Rc7 25. h4 Rhc8 26. c5 Be5 27. cxd6 Bxd6 28. Bg5 Be6 29. R3b2 Kg7 30. Bd2 Rf8 31. Qa4 Kh7 32. Ba5 Rcc8 33. Rb7 Bc7 34. Bxc7 Rxc7 35. Rxc7 Qxc7 36. Qxd4 Bd5 37. Kg1 Bxa2 38. Ra1 Qa5 39. Qb2 1-0

[Event "World School-ch U17 Girls 11th"]
[Site "Pattaya"]
[Date "2015.05.13"]
[Round "8"]
[White "Talyspaeva, Adel"]
[Black "Castillo Morales, Thais"]
[Result "1-0"]
[WhiteElo "1708"]
[BlackElo "1639"]
[PlyCount "127"]
[EventDate "2015.05.07"]
[EventType "swiss"]
[EventRounds "9"]
[EventCountry "THA"]
[SourceTitle "CBM 166 Extra"]
[Source "ChessBase"]
[SourceDate "2015.06.18"]
[SourceVersion "1"]
[SourceVersionDate "2015.06.18"]
[SourceQuality "1"]

1. d4 e6 2. c4 f5 3. Nc3 Nf6 4. g3 c6 5. Bg2 d5 6. Bf4 Bd6 7. Bxd6 Qxd6 8. e3 0-0 9. Nf3 Nbd7 10. 0-0 Ne4 11. c5 Qc7 12. Ne2 e5 13. Rc1 exd4 14. exd4 Ndf6 15. Nf4 g5 16. Nd3 Be6 17. Nfe5 Nd7 18. f3 Nef6 19. Qd2 h6 20. Ng6 Rf7 21. Rce1 Re8 22. Re2 Rg7 23. Nge5 Bf7 24. Nxf7 Kxf7 25. Rxe8 Nxe8 26. Ne5+ Nxe5 27. dxe5 Qxe5 28. Re1 Qc7 29. Qe3 Qd7 30. Bh3 g4 31. fxg4 fxg4 32. Rf1+ Kg8 33. Bg2 Rh7 34. Qf4 Qg7 35. Qf5 Qe7 36. Qxg4+ Rg7 37. Qf4 Qxc5+ 38. Kh1 Qd6 39. Qe3 Re7 40. Qxa7 Qb4 41. Qf2 Rg7 42. Bh3 Nc7 43. a3 Qd6 44. Qa7 Na6 45. Qa8+ Qb8 46. Be6+ Kh7 47. Qxb8 Nxb8 48. Rf8 Re7 49. Rxb8 Rxe6 50. Rxb7+ Kg6 51. a4 Rd6 52. Rb3 c5 53. a5 d4 54. Rd3 Kf5 55. Kg2 Ke4 56. Rd1 Ke3 57. Ra1 Ra6 58. Ra3+ Ke2 59. Ra2 d3 60. b4+ d2 61. b5 Rf6 62. b6 Re6 63. Rxd2+ Kxd2 64. b7 1-0